| 000 | 00449nam a22001457a 4500 | ||
|---|---|---|---|
| 082 | _a004 | ||
| 100 | _aKhan, Qaiser | ||
| 245 |
_aIncrease the Entropy of True Random Number Generator / _cQaiser Khan |
||
| 260 |
_aIslamabad : _bMCS - NUST, _c2016. |
||
| 300 |
_a55 p. ; _c30cm. |
||
| 650 |
_aInformation Security-MS-Thesis _916348 |
||
| 700 |
_aDr. Mehreen Afzal _921569 |
||
| 942 |
_2ddc _cTHE |
||
| 999 |
_c540769 _d540769 |
||